[Event "Korbach op 9th"]
[Site "Korbach"]
[Date "2017.10.22"]
[Round "6"]
[White "Rutz, Matthias"]
[Black "Van de Griend, Johan"]
[Result "1-0"]
[WhiteElo "2046"]
[BlackElo "1797"]
[PlyCount "113"]
[EventDate "2017.10.19"]
[EventType "swiss"]
[EventRounds "7"]
[EventCountry "GER"]
[SourceTitle "CBM 181 Extra"]
[Source "ChessBase"]
[SourceDate "2017.12.12"]
[SourceVersion "1"]
[SourceVersionDate "2017.12.12"]
[SourceQuality "1"]

1. d4 d5 2. Bf4 e6 3. e3 Bd6 4. Nf3 Bxf4 5. exf4 Nf6 6. c3 0-0 7. Bd3 Nbd7 8. Nbd2 c5 9. 0-0 Qb6 10. Rb1 Qc7 11. g3 c4 12. Bc2 b5 13. Ne5 Rb8 14. Qe2 a5 15. Rfe1 g6 16. Ndf3 b4 17. Qe3 b3 18. axb3 cxb3 19. Bd3 Nb6 20. Rec1 Nc4 21. Qe2 Ba6 22. Ra1 Bb5 23. Nd2 Nxd2 24. Bxb5 Nde4 25. Bd3 Nd6 26. Ra4 Rb4 27. Raa1 Rbb8 28. Ra3 Qb6 29. Rca1 Ra8 30. g4 Ra7 31. h4 Rb8 32. Kg2 Kg7 33. Qd1 Nc4 34. Bxc4 dxc4 35. Qf3 Rc8 36. Ra4 Qb5 37. Kg3 Nd5 38. g5 Ne7 39. Kh3 Nf5 40. Qe2 Nd6 41. Ng4 Qf5 42. Qe5+ Qxe5 43. Nxe5 Ne4 44. Kg2 Nd6 45. Rxa5 Rac7 46. Ra7 Nb5 47. Rxc7 Rxc7 48. Ra4 Nd6 49. Kf3 f6 50. Ng4 fxg5 51. hxg5 Nb5 52. Ne5 Nd6 53. Ra6 Nb5 54. Rb6 Na7 55. Rxe6 Nc8 56. Ke4 Ne7 57. d5 1-0

[Event "Hessen-ch op-A"]
[Site "Floersheim"]
[Date "2016.05.06"]
[Round "4"]
[White "Roggensack, Hans Peter"]
[Black "Rutz, Matthias"]
[Result "1/2-1/2"]
[WhiteElo "2021"]
[BlackElo "2057"]
[PlyCount "58"]
[EventDate "2016.05.05"]
[EventType "swiss"]
[EventRounds "7"]
[EventCountry "GER"]
[SourceTitle "EXT 2022"]
[Source "ChessBase"]
[SourceDate "2021.10.06"]
[SourceVersion "1"]
[SourceVersionDate "2021.10.06"]
[SourceQuality "1"]

1. e4 c6 2. d4 d5 3. exd5 cxd5 4. c4 Nf6 5. Nc3 Nc6 6. Nf3 Be6 7. Bg5 g6 8. Bxf6 exf6 9. c5 Bg7 10. Bb5 0-0 11. Bxc6 bxc6 12. 0-0 Rb8 13. Qd2 Bg4 14. Ne1 h5 15. b3 Kh7 16. Nd3 Bf5 17. Rae1 Bh6 18. f4 Qc7 19. g3 Rfe8 20. Rxe8 Rxe8 21. Re1 Qd7 22. Rxe8 Qxe8 23. Qe1 Qd7 24. Qe3 Bg7 25. Nf2 Qb7 26. Ne2 Bc2 27. Qd2 Bb1 28. Nc3 Bf5 29. Ne2 Bb1 1/2-1/2

[Event "Hessen-ch op-A"]
[Site "Floersheim"]
[Date "2016.05.06"]
[Round "3"]
[White "Rutz, Matthias"]
[Black "Kuhn, Gerhard"]
[Result "1/2-1/2"]
[WhiteElo "2057"]
[BlackElo "1937"]
[PlyCount "40"]
[EventDate "2016.05.05"]
[EventType "swiss"]
[EventRounds "7"]
[EventCountry "GER"]
[SourceTitle "EXT 2022"]
[Source "ChessBase"]
[SourceDate "2021.10.06"]
[SourceVersion "1"]
[SourceVersionDate "2021.10.06"]
[SourceQuality "1"]

1. d4 Nf6 2. Bf4 g6 3. e3 Bg7 4. Nf3 d5 5. h3 0-0 6. Be2 c5 7. c3 b6 8. 0-0 Bb7 9. a4 Nc6 10. Nbd2 Re8 11. Bg3 Nd7 12. Qb3 e5 13. dxe5 Ndxe5 14. Nxe5 Nxe5 15. Nf3 Nc6 16. Rfe1 Na5 17. Qa2 Qe7 18. Rad1 Rad8 19. Bh4 Bf6 20. Bxf6 Qxf6 1/2-1/2

[Event "Hessen-ch op-A"]
[Site "Floersheim"]
[Date "2016.05.05"]
[Round "1"]
[White "Rutz, Matthias"]
[Black "Winand, Edgar"]
[Result "1-0"]
[WhiteElo "2057"]
[BlackElo "1907"]
[PlyCount "73"]
[EventDate "2016.05.05"]
[EventType "swiss"]
[EventRounds "7"]
[EventCountry "GER"]
[SourceTitle "EXT 2022"]
[Source "ChessBase"]
[SourceDate "2021.10.06"]
[SourceVersion "1"]
[SourceVersionDate "2021.10.06"]
[SourceQuality "1"]

1. d4 d6 2. Bf4 g6 3. e3 Bg7 4. Nf3 c6 5. Nbd2 Nd7 6. Be2 Ngf6 7. h3 b5 8. 0-0 Bb7 9. a4 a6 10. c3 0-0 11. Bh2 Nb6 12. a5 Nbd7 13. e4 c5 14. e5 Ne8 15. Re1 dxe5 16. dxe5 e6 17. Qc2 Rc8 18. c4 b4 19. Bd3 Qc7 20. Be4 Nb8 21. Bxb7 Qxb7 22. Ne4 Qc7 23. Red1 Nc6 24. Nxc5 Nxa5 25. Nd7 Nxc4 26. Qe2 Qb7 27. Nxf8 Bxf8 28. Rdc1 Qb5 29. b3 Na3 30. Qxb5 Rxc1+ 31. Rxc1 Nxb5 32. Rc8 Nec7 33. Bf4 Kg7 34. Bg5 Bc5 35. Bd8 Bb6 36. Bf6+ Kh6 37. Ng5 1-0

[Event "Hessen-chA"]
[Site "Korbach"]
[Date "2013.03.29"]
[Round "5"]
[White "Kuhn, Gerhard"]
[Black "Rutz, Matthias"]
[Result "1/2-1/2"]
[WhiteElo "2037"]
[BlackElo "2074"]
[PlyCount "68"]
[EventDate "2013.03.27"]
[EventType "swiss"]
[EventRounds "7"]
[EventCountry "GER"]
[SourceTitle "EXT 2014"]
[Source "ChessBase"]
[SourceDate "2013.11.20"]
[SourceVersion "1"]
[SourceVersionDate "2013.11.20"]
[SourceQuality "1"]

1. e4 c6 2. d4 d5 3. exd5 cxd5 4. Bd3 Nc6 5. c3 Nf6 6. Bf4 g6 7. Nd2 Bg7 8. Ngf3 0-0 9. 0-0 Nh5 10. Be3 Qd6 11. Re1 Bd7 12. Nf1 Rac8 13. Ng3 Nxg3 14. hxg3 f6 15. Qd2 Rfe8 16. Bh6 Bh8 17. Rad1 a6 18. Nh4 e6 19. Be3 Bg7 20. f4 Re7 21. Nf3 Be8 22. Qf2 Na5 23. Re2 b5 24. Qe1 Rb8 25. g4 b4 26. cxb4 Nc4 27. Bxc4 dxc4 28. a3 Bc6 29. Qf2 Bd5 30. Bd2 Bh6 31. g5 fxg5 32. Nxg5 Bxg5 33. fxg5 Rf7 34. Qe3 Rbf8 1/2-1/2

[Event "Blankenburg op 17th"]
[Site "Blankenburg"]
[Date "2009.10.04"]
[Round "4"]
[White "Rutz, Matthias"]
[Black "Brandt, Joachim"]
[Result "1-0"]
[WhiteElo "2096"]
[BlackElo "1933"]
[PlyCount "61"]
[EventDate "2009.10.02"]
[EventType "swiss"]
[EventRounds "7"]
[EventCountry "GER"]
[SourceTitle "CBM 132 Extra"]
[Source "ChessBase"]
[SourceDate "2009.11.03"]
[SourceVersion "1"]
[SourceVersionDate "2009.11.03"]
[SourceQuality "1"]

1. d4 e6 2. Nf3 f5 3. g3 Nf6 4. Bg2 d5 5. 0-0 c6 6. c4 Be7 7. Nc3 0-0 8. Qc2 Qe8 9. Bg5 Qh5 10. Bxf6 Rxf6 11. e3 Bd7 12. Ne5 Rh6 13. h3 Be8 14. Qb3 b6 15. cxd5 Bd6 16. dxe6 Bxe5 17. dxe5 Na6 18. Qc4 Nc5 19. Ne2 Qg5 20. Nd4 Rc8 21. b4 Ne4 22. Nxf5 Qxf5 23. Qxe4 Qxe6 24. f4 Qe7 25. f5 c5 26. f6 gxf6 27. Qg4+ Rg6 28. Qxc8 Qxe5 29. Qf5 Qxe3+ 30. Qf2 Qc3 31. Qe1 1-0

[Event "Blankenburg op 17th"]
[Site "Blankenburg"]
[Date "2009.10.03"]
[Round "3"]
[White "Vonhoff, Nils"]
[Black "Rutz, Matthias"]
[Result "0-1"]
[WhiteElo "1739"]
[BlackElo "2096"]
[PlyCount "102"]
[EventDate "2009.10.02"]
[EventType "swiss"]
[EventRounds "7"]
[EventCountry "GER"]
[SourceTitle "CBM 132 Extra"]
[Source "ChessBase"]
[SourceDate "2009.11.03"]
[SourceVersion "1"]
[SourceVersionDate "2009.11.03"]
[SourceQuality "1"]

1. e4 c6 2. d4 d5 3. Nd2 dxe4 4. Nxe4 Bf5 5. Ng3 Bg6 6. Nf3 Nd7 7. h4 h6 8. h5 Bh7 9. Bd3 Bxd3 10. Qxd3 e6 11. c3 Qc7 12. Be3 Ngf6 13. 0-0 Bd6 14. Ne4 Nxh5 15. Rad1 Nhf6 16. Nxd6+ Qxd6 17. g3 Qd5 18. Bd2 Qe4 19. Qxe4 Nxe4 20. Rfe1 Nxd2 21. Rxd2 0-0 22. Kg2 Rfd8 23. Red1 Kf8 24. a4 a5 25. Kf1 Ke7 26. Ke2 Rab8 27. b4 axb4 28. cxb4 Nb6 29. a5 Nd5 30. Rc2 Nxb4 31. Rc4 Na6 32. Ke3 Rd5 33. Ra4 Nc7 34. Rd2 Ra8 35. Rda2 Rb5 36. R2a3 Na6 37. Ne1 Rb4 38. Nd3 Rxa4 39. Rxa4 f6 40. f4 Kd6 41. Ra2 Nc7 42. Nc5 Nd5+ 43. Kf3 b6 44. Nb3 bxa5 45. Rxa5 Rxa5 46. Nxa5 Ne7 47. g4 Kd5 48. Ke3 h5 49. gxh5 Nf5+ 50. Kd3 Nxd4 51. Nc4 Nf5 0-1

[Event "Bad Woerishofen op 24th"]
[Site "Bad Woerishofen"]
[Date "2008.03.02"]
[Round "4"]
[White "Rutz, Matthias"]
[Black "Boehle, Lars"]
[Result "0-1"]
[WhiteElo "2128"]
[BlackElo "2276"]
[PlyCount "68"]
[EventDate "2008.02.28"]
[EventType "swiss"]
[EventRounds "9"]
[EventCountry "GER"]
[SourceTitle "CBM 123 Extra"]
[Source "ChessBase"]
[SourceDate "2008.05.06"]
[SourceVersion "1"]
[SourceVersionDate "2008.05.06"]
[SourceQuality "1"]

1. d4 g6 2. e4 c6 3. Nc3 d5 4. Be2 Bg7 5. Be3 dxe4 6. Nxe4 Nd7 7. Qd2 Ngf6 8. Ng3 Nb6 9. h3 Be6 10. Nf3 Bd5 11. 0-0 0-0 12. Ne5 Ne4 13. Nxe4 Bxe4 14. c4 f6 15. Nf3 Bxf3 16. gxf3 Qd7 17. Kg2 Rfd8 18. Rad1 e6 19. h4 Qf7 20. Qc2 f5 21. f4 Rd7 22. Qb3 Kh8 23. d5 exd5 24. Bxb6 axb6 25. cxd5 cxd5 26. Qxb6 Rxa2 27. Ra1 Rxa1 28. Rxa1 h5 29. Bb5 Re7 30. Ra8+ Kh7 31. b3 Re4 32. Rb8 Qe7 33. Kg3 Rxf4 34. Kxf4 Qe4+ 0-1

[Event "Bad Harzburg op"]
[Site "Bad Harzburg"]
[Date "2007.10.26"]
[Round "5"]
[White "Heinemann, Ernst"]
[Black "Rutz, Matthias"]
[Result "1/2-1/2"]
[WhiteElo "2216"]
[BlackElo "2124"]
[PlyCount "80"]
[EventDate "2007.10.23"]
[EventType "swiss"]
[EventRounds "7"]
[EventCountry "GER"]
[SourceTitle "EXT 2009"]
[Source "ChessBase"]
[SourceDate "2008.11.26"]
[SourceVersion "1"]
[SourceVersionDate "2008.11.26"]
[SourceQuality "1"]

1. e4 c6 2. d4 d5 3. exd5 cxd5 4. Bd3 Nc6 5. c3 Nf6 6. h3 e5 7. dxe5 Nxe5 8. Qe2 Qe7 9. Bb5+ Bd7 10. Bxd7+ Nfxd7 11. Be3 Nc4 12. Nf3 Nxe3 13. fxe3 g6 14. Nbd2 Bh6 15. e4 Bxd2+ 16. Nxd2 Qh4+ 17. Qf2 Qxf2+ 18. Kxf2 dxe4 19. Nxe4 f5 20. Nd6+ Ke7 21. Rad1 Nc5 22. Rhe1+ Kf6 23. b4 Na4 24. Rd3 Rad8 25. g4 Rhf8 26. gxf5 gxf5 27. Rd5 Kg6 28. Re6+ Rf6 29. Rxf6+ Kxf6 30. Ne4+ Ke7 31. Rxf5 Rc8 32. Rh5 Nxc3 33. Rxh7+ Ke6 34. Nc5+ Kd5 35. Rxb7 Nxa2 36. Na6 Kc6 37. Rg7 Kb5 38. Rg5+ Kb6 39. Rg6+ Kb5 40. Rg5+ Kb6 1/2-1/2

[Event "Bad Harzburg op"]
[Site "Bad Harzburg"]
[Date "2007.10.26"]
[Round "6"]
[White "Rutz, Matthias"]
[Black "Denker, Stephan"]
[Result "0-1"]
[WhiteElo "2124"]
[BlackElo "2039"]
[PlyCount "108"]
[EventDate "2007.10.23"]
[EventType "swiss"]
[EventRounds "7"]
[EventCountry "GER"]
[SourceTitle "EXT 2009"]
[Source "ChessBase"]
[SourceDate "2008.11.26"]
[SourceVersion "1"]
[SourceVersionDate "2008.11.26"]
[SourceQuality "1"]

1. d4 d5 2. Bg5 Nc6 3. Nf3 f6 4. Bf4 Bg4 5. Nbd2 e6 6. c3 Bd6 7. Bxd6 cxd6 8. h3 Bh5 9. e3 Nge7 10. Be2 0-0 11. 0-0 Kh8 12. a3 Nc8 13. Ne1 Bxe2 14. Qxe2 e5 15. Nd3 Re8 16. Qd1 Nb6 17. Nb4 a5 18. Nc2 a4 19. Nb4 Qd7 20. Qf3 Qf7 21. Rac1 Na5 22. e4 Nac4 23. Nxc4 Nxc4 24. Rc2 dxe4 25. Qxe4 Ra5 26. d5 Rc5 27. Re1 f5 28. Qd3 e4 29. Qd4 Re5 30. Kh2 b5 31. Qd1 Nb6 32. f4 Re8 33. Rd2 Nc4 34. Rde2 Qf6 35. Qd4 Qxd4 36. cxd4 Rc7 37. Rc2 Rec8 38. Rec1 Kg8 39. Na6 Ra7 40. Nb4 Kf7 41. Nc6 Rac7 42. Na5 Ke7 43. Kg3 Kd7 44. Nxc4 Rxc4 45. Rxc4 Rxc4 46. Rxc4 bxc4 47. Kf2 Kc7 48. Ke3 Kb6 49. Kd2 Kb5 50. g3 h5 51. h4 g6 52. Kc3 e3 53. Kc2 e2 54. Kd2 c3+ 0-1

[Event "Werther Schloss op-A 12th"]
[Site "Werther"]
[Date "2006.04.08"]
[Round "4"]
[White "Kartsev, Soel"]
[Black "Rutz, Matthias"]
[Result "1-0"]
[WhiteElo "2253"]
[BlackElo "2114"]
[PlyCount "85"]
[EventDate "2006.04.06"]
[EventType "swiss"]
[EventRounds "7"]
[EventCountry "GER"]
[SourceTitle "CBM 111 Extra"]
[Source "ChessBase"]
[SourceDate "2006.05.09"]
[SourceVersion "1"]
[SourceVersionDate "2006.05.09"]
[SourceQuality "1"]

1. e4 c6 2. d4 d5 3. e5 c5 4. dxc5 e6 5. Be3 Nd7 6. Bb5 Qa5+ 7. Nc3 a6 8. Bxd7+ Bxd7 9. a3 Qc7 10. Qd4 Ne7 11. b4 Nc6 12. Qd2 Qxe5 13. Nf3 Qf5 14. 0-0 Be7 15. Ne2 Bf6 16. c3 0-0 17. Rfe1 Ne5 18. Nxe5 Bxe5 19. Bd4 Bc7 20. Ng3 Qg4 21. c4 Bc6 22. cxd5 Bxd5 23. Be5 Rac8 24. h3 Qg6 25. Bxc7 Rxc7 26. Rad1 Rd7 27. Re3 Bc6 28. Rd3 Rfd8 29. Rxd7 Rxd7 30. Qe2 Rxd1+ 31. Qxd1 h6 32. Qd8+ Kh7 33. Kh2 Qc2 34. Qd4 Qg6 35. Qf4 f5 36. Qe5 Qg5 37. Qxe6 g6 38. Qe5 Qd2 39. Ne2 h5 40. Nf4 Qxf2 41. Qe7+ Kg8 42. Qe6+ Kf8 43. Qf6+ 1-0

[Event "Werther Schloss op-A 8th"]
[Site "Werther"]
[Date "2002.03.24"]
[Round "4"]
[White "Gehrke, Rolf"]
[Black "Rutz, Matthias"]
[Result "0-1"]
[WhiteElo "2143"]
[BlackElo "1962"]
[PlyCount "60"]
[EventDate "2002.03.22"]
[EventType "swiss"]
[EventRounds "5"]
[EventCountry "GER"]
[SourceTitle "CBM 087 Extra"]
[Source "ChessBase"]
[SourceDate "2002.05.03"]
[SourceVersion "2"]
[SourceVersionDate "2002.08.09"]
[SourceQuality "1"]

1. d4 Nf6 2. c4 e6 3. Nf3 d5 4. Nc3 Be7 5. e3 0-0 6. Bd3 c5 7. 0-0 a6 8. b3 Nc6 9. Bb2 b6 10. Rc1 Bb7 11. Bb1 Rc8 12. Qe2 cxd4 13. exd4 Re8 14. Rfd1 Bd6 15. Ne5 Ne7 16. Rd3 Ng6 17. Rg3 Qe7 18. Na4 Bxe5 19. dxe5 Nd7 20. h4 Qxh4 21. Rd1 Bc6 22. Rh3 Qg5 23. Rh5 Qe7 24. Qg4 b5 25. Rd3 bxa4 26. Rdh3 Ndf8 27. bxa4 Rb8 28. Bxg6 fxg6 29. Ba3 gxh5 30. Qxh5 g6 0-1

[Event "Werther Schloss op-A 8th"]
[Site "Werther"]
[Date "2002.03.23"]
[Round "3"]
[White "Rutz, Matthias"]
[Black "Simon, Hans Christian"]
[Result "1/2-1/2"]
[WhiteElo "1962"]
[BlackElo "2211"]
[PlyCount "40"]
[EventDate "2002.03.22"]
[EventType "swiss"]
[EventRounds "5"]
[EventCountry "GER"]
[SourceTitle "CBM 087 Extra"]
[Source "ChessBase"]
[SourceDate "2002.05.03"]
[SourceVersion "2"]
[SourceVersionDate "2002.08.09"]
[SourceQuality "1"]

1. d4 Nf6 2. Bg5 e6 3. Nd2 c5 4. e3 h6 5. Bh4 d5 6. c3 Nc6 7. Ngf3 Qb6 8. Qb3 Bd7 9. Qxb6 axb6 10. Bg3 Rc8 11. h3 Be7 12. Ne5 Nxe5 13. Bxe5 0-0 14. Bd3 Bc6 15. a3 Rfe8 16. 0-0 Nd7 17. Bg3 Bf8 18. f4 Be7 19. Nf3 f5 20. Bh4 Nf6 1/2-1/2

[Event "Goch op 10th"]
[Site "Goch"]
[Date "1999.10.14"]
[Round "1.2"]
[White "Rutz, Matthias"]
[Black "Bischoff, Klaus"]
[Result "0-1"]
[WhiteElo "1926"]
[BlackElo "2509"]
[PlyCount "66"]
[EventDate "1999.10.14"]
[EventType "swiss"]
[EventRounds "7"]
[EventCountry "GER"]
[SourceTitle "EXT 2002"]
[Source "ChessBase"]
[SourceDate "2001.11.25"]
[SourceVersion "1"]
[SourceVersionDate "2001.11.25"]
[SourceQuality "1"]

1. d4 Nf6 2. Bg5 e6 3. e4 h6 4. Bxf6 Qxf6 5. Nc3 Bb4 6. Qd2 d6 7. f4 e5 8. dxe5 dxe5 9. g3 Nd7 10. Nge2 c6 11. 0-0-0 Qe7 12. a3 Ba5 13. Bh3 Nf6 14. Bxc8 Rxc8 15. Qe3 b5 16. fxe5 Ng4 17. Qf4 Nxe5 18. Nd4 g6 19. Nce2 Bc7 20. Qe3 Nc4 21. Qf3 Be5 22. Nf4 c5 23. Qg4 0-0 24. Nd5 Qb7 25. Nf5 Bxb2+ 26. Kb1 Bg7 27. Nde7+ Kh8 28. Rd5 b4 29. a4 b3 30. c3 Na3+ 31. Kb2 Qb4 32. Nxg7 Nc4+ 33. Kb1 Qxc3 0-1

[Event "Goch op 06th"]
[Site "Goch"]
[Date "1995.??.??"]
[Round "5"]
[White "Rutz, Matthias"]
[Black "De Gleria, Francesco"]
[Result "0-1"]
[WhiteElo "1850"]
[BlackElo "2140"]
[PlyCount "96"]
[EventDate "1995.10.??"]
[EventType "swiss"]
[EventRounds "7"]
[EventCountry "GER"]
[SourceTitle "EXT 1999"]
[Source "ChessBase"]
[SourceDate "1998.11.16"]
[SourceVersion "1"]
[SourceVersionDate "1998.11.16"]
[SourceQuality "1"]

1. d4 Nf6 2. Bg5 e6 3. Nd2 h6 4. Bh4 d6 5. e4 Be7 6. c3 Nbd7 7. Bd3 0-0 8. Ngf3 b6 9. a4 a6 10. 0-0 Bb7 11. Ne1 e5 12. Bg3 Re8 13. Nc2 Bf8 14. Re1 g6 15. h3 Nh5 16. Bh2 Qf6 17. d5 c6 18. Nb4 c5 19. Nc2 Nf4 20. Bf1 Be7 21. g3 Nh5 22. Be2 Ng7 23. Bf1 h5 24. Qf3 Qg5 25. Qe3 f5 26. Qxg5 Bxg5 27. f4 Be7 28. c4 Bf6 29. Rab1 Re7 30. Bd3 Rae8 31. Kg2 h4 32. g4 fxg4 33. hxg4 exf4 34. Bxf4 Ne5 35. Be2 Nf7 36. Rf1 Bg5 37. Bxg5 Nxg5 38. Bd3 Bc8 39. Rf6 Rf7 40. Rbf1 Bxg4 41. Rxg6 Bh3+ 42. Kg1 Bxf1 43. Nxf1 Nxe4 44. Nfe3 Rf3 45. Bxe4 Rxe4 46. Rxd6 Nf5 47. Rf6 Rg3+ 48. Kf2 Nxe3 0-1